Loading...
| Science - Physics | 0 | 4 | 1 | 0 | 35 | 87 | 105.25 | 3 | 4 |
| Fine Arts - Classical Music | 0 | 3 | 0 | 1 | 30 | 109 | 116.67 | 0 | 3 |
| Science - Biology | 0 | 3 | 0 | 1 | 30 | 50 | 85.33 | 1 | 3 |
| History - American History | 0 | 2 | 0 | 1 | 20 | 88 | 93.50 | 1 | 2 |
| Other | 0 | 2 | 1 | 0 | 15 | 61 | 79.50 | 0 | 2 |
| Social Science | 0 | 1 | 0 | 0 | 10 | 94 | 94.00 | 0 | 1 |
| Religion | 0 | 1 | 0 | 0 | 10 | 133 | 133.00 | 0 | 1 |
| Fine Arts - Painting & Sculpture | 0 | 1 | 0 | 1 | 10 | 123 | 123.00 | 0 | 1 |
| Science - Other Science | 0 | 1 | 0 | 0 | 10 | 74 | 74.00 | 0 | 1 |
| Fine Arts - Other Fine Arts | 0 | 1 | 0 | 0 | 10 | 32 | 32.00 | 1 | 1 |
| Literature - British Literature | 0 | 1 | 1 | 0 | 5 | 58 | 58.00 | 1 | 1 |
| Science - Chemistry | 0 | 0 | 0 | 0 | 0 | 0.00 | 0 | 0 | |
| Literature - European Literature | 0 | 0 | 0 | 0 | 0 | 0.00 | 0 | 0 | |
| Mythology | 0 | 0 | 0 | 0 | 0 | 0.00 | 0 | 0 | |
| History - Other History | 0 | 0 | 0 | 0 | 0 | 0.00 | 0 | 0 | |
| Philosophy | 0 | 0 | 0 | 0 | 0 | 0.00 | 0 | 0 |